00592nam a2200181 i 450000100060000000300090000600500170001500700030003200800410003510000390007624500700011526000460018530000300023149000360026165100450029783000470034285200210038932575ES-MaACL20250815082224.0t|030131s1953 sp |||| | spa d1 aBernácer, Germán (d1883-1965)13aLa doctrina del gran espacio económico / cGermán Bernácer. aMadrid : bAguilar, c[1953] (fYagües) aXXXVII, 192 p. ; c19 cm.1 aBiblioteca de ciencias sociales 4aEuropa-xSituación económica-yS.XX.00aBiblioteca de ciencias sociales (Aguilar)  aES-MaACLjC-6273